| 000 | 00509cam a2200193ua 4500 | ||
|---|---|---|---|
| 020 | _c2.25 | ||
| 041 |
_aeng _h |
||
| 082 |
_a922.945 _bDIW/MA |
||
| 100 | _aDivakar, R.R . | ||
| 245 |
_aMahayogi Sri Aurobindo / _cR.R.Divakar. _hTextual Documents |
||
| 260 |
_aMumbai : _bBharatiya Vidya Bhavan , _c1962. |
||
| 300 | _a310 ; . | ||
| 365 | _a2.25 | ||
| 440 | 0 |
_aBhavan`s book university, _v15 _x; |
|
| 490 | 0 |
_aBhavan`s book university, _v15 _x; |
|
| 504 | _a | ||
| 942 | _cBK | ||
| 999 |
_c1065 _d1065 |
||